| 000 | 00630nam a22002177a 4500 | ||
|---|---|---|---|
| 003 | OSt | ||
| 005 | 20150410154253.0 | ||
| 008 | 150410b xxu||||| |||| 00| 0 eng d | ||
| 020 | _a9780071472906 | ||
| 040 | _cDNLM | ||
| 082 | _aWO 700 A95g 2009 | ||
| 100 |
_aGracias Vicente H. _93689 |
||
| 245 |
_aAcute Care Surgery : _bA guide for general Surgeons / _cVicente H. Gracias, [et...al] |
||
| 260 |
_aNew York: _bMcGraw Hill Medical; _c2009. |
||
| 300 |
_axvii, 446 p : _bill; _c27 cm |
||
| 504 | _aIncludes index | ||
| 650 |
_aSurgery _9323 |
||
| 700 |
_aReilly Patrick M. _93690 |
||
| 700 |
_a[et...al] _9867 |
||
| 942 |
_2z _cSLOAN |
||
| 999 |
_c1397 _d1397 |
||